00229nam a2200085Ia 4500008004100000041000800041100000800049245005400057260003200111230508s2009 xx 000 0 und d aeng aRAO aOPERATION AND MAINTENANCE OF ELECTRICAL EQUIPMENT bMEDIA PROMOTERSc2009g2007